000 00786nam a22002292 4500
001 0000018667
005 20151021151128.0
008 100317s xx 000 0 eng d
020 _a9966777229 :
040 _aKABU
_cKABU
245 1 2 _aA 2003 Social accounting matrix for Kenya :
_bmethodological note /
_cJane Kiringai.
250 _a1st ed.
260 _aNairobi :
_bKIPPRA,
_c2007.
300 _avi, 28 p.
650 0 _aNational income
_xAccounting
_xEconometric models
_zKenya.
_@0000177984
650 0 _aNational income
_xAccounting
_zKenya.
_@0000158555
700 1 _aKiringai, Jane.
_@0000160710
908 _a100317
950 _@1
999 _c981
_d981